| 000 | 00801nam a22001937a 4500 | ||
|---|---|---|---|
| 003 | OSt | ||
| 005 | 20241004165110.0 | ||
| 008 | 241004b |||||||| |||| 00| 0 eng d | ||
| 040 | _c0 | ||
| 100 |
_aSagabala, Melissa O. _eauthor. _962326 |
||
| 245 |
_aA qualitative inquiry in behavior of english major students towards social media distractions / _cMelissa O. Sagabala, Sheena Marie A. Regidor, Marie Chris M. Dela Torre & Ana Mae M. Monteza. |
||
| 260 |
_aDavao City; _bUniversity press, University of Mindanao, _c2021. |
||
| 300 |
_aVolume 13 pages 295-321, _billustration. |
||
| 700 |
_aSagabala, Melissa O. _eauthor. _962326 |
||
| 710 |
_aRegidor, Sheena Marie A. _eauthor. _962327 |
||
| 711 |
_aDela Torre, Marie Chris M. _jauthor. _962328 |
||
| 720 | _aMonteza, Ana Mae M. | ||
| 942 |
_2ddc _cPER |
||
| 999 |
_c22245 _d22245 |
||